Education: intellectual, moral and physical / (Record no. 5026)

000 -LEADER
fixed length control field 00452nam a22001577a 4500
008 - FIXED-LENGTH DATA ELEMENTS--GENERAL INFORMATION
fixed length control field 201005b ||||| |||| 00| 0 eng d
082 00 - DEWEY DECIMAL CLASSIFICATION NUMBER
Edition number 23rd ed.
Classification number 370
Item number S7451
100 ## - MAIN ENTRY--PERSONAL NAME
9 (RLIN) 4011
Personal name Spencer, Herbert
245 10 - TITLE STATEMENT
Title Education: intellectual, moral and physical /
250 ## - EDITION STATEMENT
Edition statement 1st ed.
260 ## - PUBLICATION, DISTRIBUTION, ETC. (IMPRINT)
Place of publication, distribution, etc London:
Name of publisher, distributor, etc Watts & Co.,
Date of publication, distribution, etc 1945.
300 ## - PHYSICAL DESCRIPTION
Extent 183 p.
440 ## - SERIES STATEMENT/ADDED ENTRY--TITLE
Title (The Thinker's Library ; No. 2)
650 #0 - SUBJECT ADDED ENTRY--TOPICAL TERM
Topical term or geographic name as entry element Education
942 ## - ADDED ENTRY ELEMENTS (KOHA)
Item type Books
Holdings
Withdrawn status Lost status Source of classification or shelving scheme Damaged status Not for loan Permanent location Current location Date acquired Full call number Barcode Date last seen Koha item type
          IMU Kolkata IMU Kolkata 2020-10-05 370 S7451 F00059 2020-10-05 Books
Designed and Maintained by IMU-KC Library, Kolkata Campus © Copyright All Rights Reserved

webs counters

Powered by Koha